О сертификации работ по охране труда в организация АПК; Безопасность жизнедеятельности; № 4

Bibliografische gegevens
Parent link:Безопасность жизнедеятельности: научно-практический и учебно-методический журнал.— , 2001-
№ 4.— 2003.— С. 18-22
Hoofdauteur: Еськин П. И.
Taal:Russisch
Gepubliceerd in: 2003
Reeks:Охрана труда
Onderwerpen:
Formaat: Hoofdstuk
KOHA link:https://koha.lib.tpu.ru/cgi-bin/koha/opac-detail.pl?biblionumber=385901

MARC

LEADER 00000naa2a2200000 4500
001 385901
005 20231101063417.0
035 |a (RuTPU)RU\TPU\prd\14126 
090 |a 385901 
100 |a 20030522a2003 k y0rusy50 ca 
101 0 |a rus 
102 |a RU 
200 1 |a О сертификации работ по охране труда в организация АПК  |f П. И. Еськин 
225 1 |a Охрана труда 
320 |a Библиогр.: 9 назв. 
461 1 |0 (RuTPU)RU\TPU\prd\1137  |t Безопасность жизнедеятельности  |o научно-практический и учебно-методический журнал  |d 2001- 
463 1 |0 (RuTPU)RU\TPU\prd\13779  |t № 4  |v С. 18-22  |d 2003 
610 1 |a сертификация 
610 1 |a трудоохранная деятельность 
610 1 |a охрана труда 
610 1 |a агропромышленный комплекс 
610 1 |a социально-экономические интересы 
610 1 |a ответственность власти 
610 1 |a эффективное управление 
610 1 |a условия труда 
610 1 |a травматизм 
610 1 |a профессиональные заболевания 
675 |a 658.018:631  |v 3 
700 1 |a Еськин  |b П. И. 
801 1 |a RU  |b 63413507  |c 20030522  |g PSBO 
942 |c BK